Logo biblioteca
Santa Fe 2917, Rosario, Santa Fe
Lu-Vi 8 a 19.45
+54-341-4232362
bibliotecaeudoro@gmail.com
Facebook Biblioteca Pedagógica
Sitio web

El difunto Matias Pascal / (Registro nro. 32531)

Detalles MARC
000 -CABECERA
campo fijo de control de longitud 00700cam a2200229 4500
001 - NÚMERO DE CONTROL
campo de control 32531
003 - IDENTIFICADOR DEL NÚMERO DE CONTROL
campo de control AR-RoBPED
005 - FECHA Y HORADE LA ULTIMA TRANSACCION
campo de control 20260410131607.0
008 - ELEMENTOS DE LONGITUD FIJA--INFORMACION GENERAL
campo fijo de control de longitud 260408t1971 sp ||||| |||| 00| f spa d
040 ## - FUENTE CATALOGADORA
Centro catalogador/agencia de origen AR-RoBPED
041 ## - IDIOMA
Código de idioma para texto/pista de sonido o título independiente spa
100 1# - ENCABEZAMIENTO PRINCIPAL--AUTOR PERSONAL
Nombre de persona Pirandello, Luigi
Fechas nac-muerte 1867-1936
9 (RLIN) 6830
245 13 - TITULO
Título El difunto Matias Pascal /
Mención de responsabilidad Luigi Pirandello; prólogo de Carlos Pujol
260 ## - PUBLICACION
Lugar Navarra :
Editor Salvat,
Fecha 1971.
300 ## - DESCRIPCION FISICA
Extensión 224 p.
490 0# - SERIE
Mención de serie (Biblioteca asica Salvat ;
Designación de volumen o secuencia 70)
650 #4 - TERMINO DE MATERIA--CONTROLADO
Término controlado LITERATURA ITALIANA
9 (RLIN) 497
Término controlado NOVELAS
9 (RLIN) 25
700 1# - ENCABEZAMIENTO SECUNDARIO--AUTOR PERSONAL
Nombre de persona Pujol, Carlos
9 (RLIN) 26264
Títulos prol.
942 ## - ELEMENTOS KOHA
Fuente de clasificación Universal Decimal Classification
Número Koha k. 32531
Koha tipo de ítem Libro
Clasificación 850-31
Signatura librística P 61
Inventario inv. 42355
945 ## - PROCESAMIENTO DE LA INFORMACIÓN LOCAL
Catalogador y fecha mm 08/04/2026 mev 10/04/2026
Existencias
Estado retirado Estado perdido Fuente de clasificación Estado dañado No se presta Biblioteca propietaria Biblioteca de reserva Fecha de adquisición Procedencia Total de préstamos Signatura topográfica completa Código de barras (nº de inventario) Fecha visto por última vez Catalogador y fecha Tipo de ítem Koha Nota pública
    Universal Decimal Classification     Biblioteca Pedagógica Eudoro Díaz Biblioteca Pedagógica Eudoro Díaz 01/04/2026 Donación   850-31 P 61 42355 08/04/2026 mm 08/04/2026 Libro Se presta 15 días.